Geography Quiz

Random Geography or World Quiz

World Top Toy Buying Countries Quiz Stats

 Plays Quiz not verified by Sporcle

Score 0/10 Timer 05:00
0 Plays Today
Rank Country % Correct
1USA
96.7%
2UK
95.1%
3Canada
93.4%
7France
92.5%
5Japan
87.9%
9Sweden
67.4%
8Ireland
61.2%
6Denmark
55.1%
10Switzerland
54.7%
4Belgium
46.5%

You're not logged in!

Compare scores with friends on all Sporcle quizzes.
OR
Log In

Show Comments

Extras

Top Quizzes Today


Score Distribution

Your Account Isn't Verified!

In order to create a playlist on Sporcle, you need to verify the email address you used during registration. Go to your Sporcle Settings to finish the process.

Report this User

Report this user for behavior that violates our Community Guidelines.

Details: